Pokémon: Quatrième Génération - Statistiques

Statistiques générales
  • Ce quiz a été pris 10 fois
  • Le résultat moyen est 70 sur 107
Statistiques - réponses
Types Catégories Pokémons Numéros % Correct
InsecteVol Ruche Apireine 0416
100%
Plante Bosquet Boskara 0388
100%
NormalEau Castor Castorno 0400
100%
NormalVol Rapace Étouraptor 0398
100%
NormalVol Étourneau Étourmi 0396
100%
Feu Chimpanzé Ouisticram 0390
100%
EauAcier Empereur Pingoléon 0395
100%
FeuCombat Flamme Simiabraz 0392
100%
Eau Pingouin Tiplouf 0393
100%
PlanteSol Continent Torterra 0389
100%
Plante Minifeuille Tortipouss 0387
100%
Normal Alpha Arceus 0493
88%
Plante Cerise Ceribou 0420
88%
Psy Volonté Créfadet 0482
88%
Psy Émotion Créfollet 0481
88%
Psy Savoir Créhelf 0480
88%
AcierDragon Temps Dialga 0483
88%
RocheAcier Bouclier Dinoclier 0410
88%
NormalVol Étourneau Étourvol 0397
88%
SpectreDragon Renégat Giratina 0487
88%
FeuAcier Caldeira Heatran 0485
88%
Insecte Criquet Mélokrik 0402
88%
Eau Aquabelette Mustébouée 0418
88%
Eau Aquabelette Mustéflott 0419
88%
EauDragon Espace Palkia 0484
88%
InsecteVol Miniabeille Apitrini 0415
75%
AcierPsy Clochebronze Archéodong 0437
75%
AcierPsy Bronze Archéomire 0436
75%
RocheAcier Bouclier Bastiodon 0411
75%
SpectreVol Bouboule Baudrive 0425
75%
DragonSol Spersonic Carchacrok 0445
75%
Plante Floraison Ceriflor 0421
75%
FeuCombat Garnement Chimpenfeu 0391
75%
PoisonCombat Toxique Coatox 0454
75%
Ténèbres Vol Big Boss Corboss 0430
75%
Psy Lunaire Cresselia 0488
75%
Ténèbres Noirtotal Darkrai 0491
75%
Normal Goinfre Goinfrex 0446
75%
DragonSol Terrequin Griknot 0443
75%
SpectreVol Ballon Grodrive 0426
75%
Normal Souridodue Keunotor 0399
75%
Électrik Flash Lixy 0403
75%
Normal Lapin Lockpin 0428
75%
Électrik Brillœil Luxray 0405
75%
ÉlectrikAcier Aimant Magnézone 0462
75%
PoisonTénèbres Moufette Moufflair 0435
75%
PoisonTénèbres Moufette Moufouette 0434
75%
Eau Pingouin Prinplouf 0394
75%
PlantePoison Bouquet Roserade 0407
75%
SolVol Scorpicroc Scorvol 0472
75%
PlanteGlace Arbregelé Blizzaroi 0460
63%
PlanteGlace Arbregelé Blizzi 0459
63%
DragonSol Caverne Carmache 0444
63%
Insecte Ver Caché Cheniti 0412
63%
Normal Lécheur Coudlangue 0463
63%
PoisonCombat Toxique Cradopaud 0453
63%
Insecte Criquet Crikzik 0401
63%
TénèbresGlace Grifacérée Dimoret 0461
63%
Électrik Foudrélec Élekable 0466
63%
PsyCombat Lame Gallame 0475
63%
Normal Lapin Laporeille 0427
63%
CombatAcier Aura Lucario 0448
63%
Électrik Étincelle Luxio 0404
63%
Feu Explosion Maganon 0467
63%
Spectre Magique Magirêve 0429
63%
Roche Bonsaï Manzaï 0438
63%
PsyFée Mime Mime Jr. 0439
63%
Eau Aqualimace Sancoki 0422
63%
Plante Gratitude Shaymin 0492
63%
EauSol Aqualimace Tritosor 0423
63%
Normal Chatigre Chaffreux 0432
50%
Normal Chafouin Chaglam 0431
50%
Roche Coud'Boule Charkos 0409
50%
InsectePlante Ver Caché Cheniselle 0413
50%
Sol Hippo Hippopotas 0449
50%
Roche Coud'Boule Kranidos 0408
50%
Eau Néon Luminéon 0457
50%
GlaceSol Deudéfenses Mammochon 0473
50%
Eau Voyagenmer Manaphy 0490
50%
Glace Spectre Enneigement Momartik 0478
50%
ÉlectrikSpectre Plasma Motisma 0479
50%
Électrik Écurélec Pachirisu 0417
50%
Eau Dérivenmer Phione 0489
50%
PoisonInsecte Scorpion Rapion 0451
50%
Normal Prodigieux Regigigas 0486
50%
Combat Émanation Riolu 0447
50%
PlantePoison Bourgeon Rozbouton 0406
50%
SpectreTénèbres Interdit Spiritomb 0442
50%
FéeVol Célébration Togekiss 0468
50%
Plante Vigne Bouldeneu 0465
38%
PoisonTénèbres Scorpogre Drascore 0452
38%
Eau Poisson Ailé Écayon 0456
38%
Glace Poudreuse Givrali 0471
38%
Sol Poids Lourd Hippodocus 0450
38%
Psy Clochette Korillon 0433
38%
InsecteVol Phalène Papilord 0414
38%
Plante Verdoyant Phyllali 0470
38%
NormalVol Note Musique Pijako 0441
38%
Normal Virtuel Porygon-Z 0474
38%
SolRoche Perceur Rhinastoc 0464
38%
InsecteVol Libellogre Yanmega 0469
38%
EauVol Cervolant Babimanta 0458
25%
Normal Longqueue Capidextre 0424
25%
RocheAcier Boussole Tarinorme 0476
25%
Plante Chopinsecte Vortente 0455
25%
Spectre Mainpince Noctunoir 0477
13%
Normal Maisonjouet Ptiravi 0440
13%
Aucun quiz correspondant
Distribution des résultats
% des personnes avec chaque résultat
Percentile par nombre de réponses
Votre historique - résultats
Vous n’avez pas pris ce quiz